000 00699nam a2200253Ia 4500
003 OSt
005 20220918223823.0
006 a|||||r|||| 00| 0
007 ta
008 220917b |||||||| |||| 00| 0 eng d
024 _a225,318
037 _cTextual
040 _aARTS
_cARTS
_beng
041 _2eng
_aeng
082 _aQ68L6, P5
100 _aCracknell Kenneth
_9146736
245 0 _aIntroduction to World methodism
260 _aNew York
_bCambridge University Press USA
_c2005
300 _axiii, 283p.
_ccm.
650 _aRELIGION
700 _a Whith Susan J
_9146737
942 _hQ68L6, P5
_cTEXL
_2CC
999 _c279550
_d279550